Corrosion engineering (Record no. 1267)

000 -LEADER
fixed length control field 00569nam a22002177a 4500
001 - CONTROL NUMBER
control field 1267
003 - CONTROL NUMBER IDENTIFIER
control field BD-DhUET
008 - FIXED-LENGTH DATA ELEMENTS--GENERAL INFORMATION
fixed length control field 140902b xxu||||| |||| 00| 0 eng d
020 ## - INTERNATIONAL STANDARD BOOK NUMBER
International Standard Book Number 9789848725085
040 ## - CATALOGING SOURCE
Transcribing agency 0
Modifying agency BD-DhUET
082 ## - DEWEY DECIMAL CLASSIFICATION NUMBER
Classification number 620.1122
Item number NOO/2009
100 ## - MAIN ENTRY--PERSONAL NAME
Personal name Nooruddin Ahmed
245 ## - TITLE STATEMENT
Title Corrosion engineering
Remainder of title an introductory text
250 ## - EDITION STATEMENT
Edition statement 1st ed.
260 ## - PUBLICATION, DISTRIBUTION, ETC. (IMPRINT)
Place of publication, distribution, etc. Dhaka
Name of publisher, distributor, etc. N. Ahmed and I. Mahmud
Date of publication, distribution, etc. 2009
300 ## - PHYSICAL DESCRIPTION
Extent xviii, 261 p.
504 ## - BIBLIOGRAPHY, ETC. NOTE
Bibliography, etc Includes bibliographies
650 #0 - SUBJECT ADDED ENTRY--TOPICAL TERM
Topical term or geographic name as entry element Corrosion and anti-Corrosion
700 ## - ADDED ENTRY--PERSONAL NAME
Personal name Iqbal Mahmud
942 ## - ADDED ENTRY ELEMENTS (KOHA)
Koha item type General Book
Holdings
Koha date last seen Damaged status Not for loan Piece designation (barcode) Copy number Koha issues (times borrowed) Sublocation or collection (holding branch) Lost status Source of classification or shelving scheme Shelving location Price effective from Koha item type Koha date last borrowed Withdrawn status Koha full call number Koha normalized classification for sorting Location (home branch) Date acquired
2021-08-28  10751382Central Library, BUET  Circulation section2014-09-02General Book2021-08-28 620.1122/NOO/2009620_000000000000000_1122NOO200Central Library, BUET2014-09-02
2021-09-06  107507825Central Library, BUET  Circulation section2014-09-02General Book2021-09-06 620.1122/NOO/2009620_000000000000000_1122NOO200Central Library, BUET2014-09-02
2021-08-28  10750881Central Library, BUET  Circulation section2014-09-02General Book2021-08-28 620.1122/NOO/2009620_000000000000000_1122NOO200Central Library, BUET2014-09-02
2021-08-28  107506 1Central Library, BUET  Circulation section2014-09-02General Book2021-08-28 620.1122/NOO/2009620_000000000000000_1122NOO200Central Library, BUET2014-09-02
2021-08-28  107512 1Central Library, BUET  Circulation section2014-09-02General Book2021-08-28 620.1122/NOO/2009620_000000000000000_1122NOO200Central Library, BUET2014-09-02
2026-05-19  107509 5Central Library, BUET  Circulation section2014-09-02General Book2025-12-01 620.1122/NOO/2009620_000000000000000_1122NOO200Central Library, BUET2014-09-02
2024-10-21  107505 38Central Library, BUET  Circulation section2014-09-02General Book2024-10-21 620.1122/NOO/2009620_000000000000000_1122NOO200Central Library, BUET2014-09-02
2021-08-28  107511 1Central Library, BUET  Circulation section2014-09-02General Book2021-08-28 620.1122/NOO/2009620_000000000000000_1122NOO200Central Library, BUET2014-09-02
2021-08-28  107504 1Central Library, BUET  Circulation section2014-09-02General Book2021-08-28 620.1122/NOO/2009620_000000000000000_1122NOO200Central Library, BUET2014-09-02
2021-08-28  10751011Central Library, BUET  Circulation section2018-04-28General Book2021-08-28 620.1122/NOO/2009620_112200000000000_NOO_2009Central Library, BUET2010-01-13